• 首页
  • 本馆介绍
  • 公告通知
  • 最新文献
  • 馆藏检索
  • 电子资源
  • 读者导购
  • 参考咨询
  • 我的图书馆
  • 登录
  • 详细信息显示
  • 放入我的书架
  • 预约/预借图书
  • 作者相关作品
  • 分类相关作品
  • 丛书相关作品
  • 出版社相关作品

书目信息

  • 表格格式
  • 工作单格式
  • 卡片格式
题名:
材料添加剂化学
    
 
作者: 辛忠 编著
分册:  
出版信息: 北京   化学工业出版社  2010
页数: 289页
开本: 26cm
丛书名:
单 册:
中图分类: TQ320.4-43
科图分类:
主题词: 合成材料--He Cheng Cai Liao--助剂--高等教育--教材
电子资源:
ISBN: 978-7-122-06986-3
000 01048nam0 2200277 450
001 012001000252
005 20191108082055.70
010    @a978-7-122-06986-3@dCNY38.00
099    @aCAL 012013020291
100    @a20130226d2010 em y0chiy50 ea
101 0  @achi
102    @aCN@b110000
105    @aak a 000yy
106    @ar
200 1  @a材料添加剂化学@ACai Liao Tian Jia Ji Hua Xue@f辛忠编著
205    @a第2版
210    @a北京@c化学工业出版社@d2010
215    @a289页@c图@d26cm
320    @a有书目
330    @a本书从材料的加工性能和应用功能出发,介绍适用其加工过程的各种添加剂的物理、化学性质及功能,阐述了添加剂的结构与材料性能及功能的作用关系和机理,以及已经工业化的品种。包括:高分子材料的添加剂、抗氧剂、稳定剂、促进剂、润滑剂、增塑剂、成核改性剂、抗冲改性剂等。
333    @a普通高等教育“十一五”国家级规划教材
606 0  @a合成材料@AHe Cheng Cai Liao@x助剂@x高等教育@j教材
690    @aTQ320.4-43@v4
701  0 @a辛忠@AXin Zhong@4编著
801  0 @aCN@b北京卓展文化@c20191020
905    @b1195778-81@dTQ320.4-43@e85=2@f4
    
    材料添加剂化学/辛忠编著.-第2版.-北京:化学工业出版社,2010
    289页:图;26cm
    使用对象:普通高等教育“十一五”国家级规划教材
    
    ISBN 978-7-122-06986-3:CNY38.00
    本书从材料的加工性能和应用功能出发,介绍适用其加工过程的各种添加剂的物理、化学性质及功能,阐述了添加剂的结构与材料性能及功能的作用关系和机理,以及已经工业化的品种。包括:高分子材料的添加剂、抗氧剂、稳定剂、促进剂、润滑剂、增塑剂、成核改性剂、抗冲改性剂等。
●
相关链接 在E读中查询图书 在五车中查询图书 在当当中查询图书 在豆瓣中查询图书


正题名:材料添加剂化学     索取号:TQ320.4-43/85=2         预约/预借

序号 登录号 条形码 馆藏地/架位号 状态 备注
1 1195778   211957783   第二样本阅览室/ [索取号:TQ320.4-43/85=2] 在馆    
2 1195779   211957792   第三借阅区/ [索取号:TQ320.4-43/85=2] 在馆    
3 1195780   211957809   第三借阅区/ [索取号:TQ320.4-43/85=2] 在馆    
4 1195781   211957818   第三借阅区/ [索取号:TQ320.4-43/85=2] 在馆    
唐山师范学院图书馆 欢迎您!
大连网信软件有限公司© 版权所有